000 00675nam a2200229 i 4500
001 bg
245 0 0 _aKoszalińska wieś /
_cUrząd Statystyczny w Koszalinie.
260 _aKoszalin :
_bUS,
_c1997.
300 _a138 s. :
_bmapy, rys., wykr. ;
_c30 cm.
490 1 _aAnalizy Statystyczne
650 9 _aWieś
_xgospodarka
_zPolska
_y1996 r.
651 9 _aKoszalin ( okręg)
_xrolnictwo
_y1996 r.
655 _aDane statystyczne
830 _aAnalizy Statystyczne
020 _a8390748754
040 _cBPK
041 0 _apl
080 _a338.43:331.5](438-22)"1996":311.3(083.41)
920 _a83-907487-5-4
942 _cKS
008 s pl f |000 0 pol
999 _c25360
_d25360
856 _uhttp://koha.tu.koszalin.pl/cgi-bin/koha/opac-detail.pl?biblionumber=25360
_yKatalog online BPK